000 00438nam a2200157Ia 4500
999 _c5835
_d5835
003 OSt
005 20200121145255.0
008 190216s9999||||xx |||||||||||||| ||und||
040 _coclc
082 _a658.3
_bAHU/P
100 _aAhuja, K K
_91378
245 0 _aPersonnel Management /
_cK K Ahuja
260 _bKalyani Publishers,
_c1998.
_aLudhiana:
300 _a911p
942 _cBK
_2ddc
_h658.3
_iAHU/P
_k658.3
_mAHU/P